000 00436nam a22001697a 4500
999 _c1586
_d1586
003 GBCCL
005 20241126110404.0
008 170508b xxu||||| |||| 00| 0 eng d
040 _cgbc
082 _aVER 220.076
_bNGA
100 _4Ngaihte, S Vungsing
245 _aKhristian thukizakna :
_b1988 - 2014 tan a
260 _aLamka :
_bEPB,
_c 2016
300 _a353p. ;
650 _aBible
_bQuestions and answers
_93216
942 _2ddc
_cBK